000 00277nam a2200109Ia 4500
001 1259192
005 20260417140307.0
008 260417s9999 xx 000 0 und d
020 _a9789754739824
245 0 _aHz. Abdullah bin Zübeyr
_cAli Dadan
260 _bBeyan Yayınları
999 _c1259192
_d1259192